[Event "DEM U12 2023"]
[Site "Willingen GER"]
[Date "2023.05.31"]
[Round "6"]
[White "Bundan, Edward"]
[Black "Zhang, Yibo"]
[Result "1-0"]
[Termination "normal"]
[Board "7"]
[WhiteElo "1338"]
[BlackElo "1791"]
[WhiteClock "00:32:53"]
[BlackClock "00:29:33"]
[PlyCount "83"]
[WhiteFideId "34603042"]
[BlackFideId "16287657"]
[EventCountry "GER"]
[EventRounds "9"]
[EventType "swiss"]
[EventDate "2023.05.27"]

1. d4 {[%clk 01:30:58]} {[%emt 00:00:01]} d5 {[%clk 01:30:49]} {[%emt
00:00:11]} 2. c4 {[%clk 01:31:21]} {[%emt 00:00:08]} e6 {[%clk 01:31:03]}
{[%emt 00:00:15]} 3. Nc3 {[%clk 01:31:29]} {[%emt 00:00:23]} c6 {[%clk
01:31:10]} {[%emt 00:00:22]} 4. cxd5 {[%clk 01:29:25]} {[%emt 00:02:35]} exd5
{[%clk 01:31:28]} {[%emt 00:00:12]} 5. Nf3 {[%clk 01:28:58]} {[%emt 00:00:57]}
Bd6 {[%clk 01:31:09]} {[%emt 00:00:49]} 6. h3 {[%clk 01:27:11]} {[%emt
00:02:16]} h6 {[%clk 01:27:46]} {[%emt 00:03:53]} 7. e3 {[%clk 01:27:05]}
{[%emt 00:00:37]} Nf6 {[%clk 01:24:48]} {[%emt 00:03:26]} 8. Bd3 {[%clk
01:26:30]} {[%emt 00:01:06]} Nbd7 {[%clk 01:23:58]} {[%emt 00:01:20]} 9. O-O
{[%clk 01:25:48]} {[%emt 00:01:12]} O-O {[%clk 01:24:14]} {[%emt 00:00:14]} 10.
Bd2 {[%clk 01:25:41]} {[%emt 00:00:36]} Re8 {[%clk 01:24:27]} {[%emt 00:00:17]}
11. Qc2 {[%clk 01:25:34]} {[%emt 00:00:39]} Qe7 {[%clk 01:23:46]} {[%emt
00:01:10]} 12. Rab1 {[%clk 01:25:07]} {[%emt 00:00:58]} Ne4 {[%clk 01:18:46]}
{[%emt 00:05:29]} 13. Ne2 {[%clk 01:17:02]} {[%emt 00:08:34]} f5 {[%clk
01:12:50]} {[%emt 00:06:25]} 14. b4 {[%clk 01:16:18]} {[%emt 00:01:15]} a6
{[%clk 01:10:12]} {[%emt 00:03:09]} 15. a4 {[%clk 01:15:39]} {[%emt 00:01:08]}
Ndf6 {[%clk 01:08:05]} {[%emt 00:02:39]} 16. b5 {[%clk 01:14:32]} {[%emt
00:01:36]} axb5 {[%clk 01:06:27]} {[%emt 00:02:09]} 17. axb5 {[%clk 01:13:11]}
{[%emt 00:01:50]} c5 {[%clk 01:04:07]} {[%emt 00:02:48]} 18. dxc5 {[%clk
01:08:04]} {[%emt 00:05:37]} Bxc5 {[%clk 01:03:30]} {[%emt 00:01:08]} 19. Nfd4
{[%clk 01:06:00]} {[%emt 00:02:35]} Bd7 {[%clk 00:59:52]} {[%emt 00:04:08]} 20.
Ra1 {[%clk 00:54:12]} {[%emt 00:12:18]} b6 {[%clk 00:48:21]} {[%emt 00:12:01]}
21. Ra6 {[%clk 00:44:33]} {[%emt 00:10:09]} g6 {[%clk 00:36:17]} {[%emt
00:12:33]} 22. Rfa1 {[%clk 00:42:15]} {[%emt 00:02:49]} Rxa6 {[%clk 00:33:02]}
{[%emt 00:03:45]} 23. bxa6 {[%clk 00:40:12]} {[%emt 00:02:33]} Ra8 {[%clk
00:31:06]} {[%emt 00:02:26]} 24. Nb5 {[%clk 00:37:03]} {[%emt 00:03:39]} Nd6
{[%clk 00:24:53]} {[%emt 00:06:41]} 25. Qb3 {[%clk 00:29:33]} {[%emt 00:08:02]}
Bc6 {[%clk 00:18:40]} {[%emt 00:06:44]} 26. Nf4 {[%clk 00:25:25]} {[%emt
00:04:36]} Kh7 {[%clk 00:16:08]} {[%emt 00:03:03]} 27. Bc3 {[%clk 00:23:41]}
{[%emt 00:02:13]} Nfe4 {[%clk 00:14:08]} {[%emt 00:02:30]} 28. Nxd5 {[%clk
00:18:37]} {[%emt 00:05:35]} Bxd5 {[%clk 00:07:43]} {[%emt 00:06:56]} 29. Qxd5
{[%clk 00:17:58]} {[%emt 00:01:09]} Rd8 {[%clk 00:07:10]} {[%emt 00:01:03]} 30.
Qe5 {[%clk 00:14:06]} {[%emt 00:04:20]} Qd7 {[%clk 00:04:27]} {[%emt 00:03:14]}
31. Nxd6 {[%clk 00:10:49]} {[%emt 00:03:47]} Bxd6 {[%clk 00:04:31]} {[%emt
00:00:26]} 32. Qd4 {[%clk 00:10:29]} {[%emt 00:00:48]} Qc7 {[%clk 00:03:57]}
{[%emt 00:01:07]} 33. Bxe4 {[%clk 00:07:22]} {[%emt 00:03:36]} Bh2+ {[%clk
00:03:44]} {[%emt 00:00:42]} 34. Kh1 {[%clk 00:07:35]} {[%emt 00:00:17]} Rxd4
{[%clk 00:03:59]} {[%emt 00:00:16]} 35. Bxd4 {[%clk 00:07:48]} {[%emt
00:00:17]} Qa7 {[%clk 00:03:18]} {[%emt 00:01:12]} 36. Kxh2 {[%clk 00:07:11]}
{[%emt 00:01:06]} fxe4 {[%clk 00:03:00]} {[%emt 00:00:49]} 37. Bxb6 {[%clk
00:07:00]} {[%emt 00:00:41]} Qe7 {[%clk 00:02:07]} {[%emt 00:01:22]} 38. Bd4
{[%clk 00:06:55]} {[%emt 00:00:35]} Qd8 {[%clk 00:00:54]} {[%emt 00:01:43]} 39.
a7 {[%clk 00:06:54]} {[%emt 00:00:31]} Qa8 {[%clk 00:01:18]} {[%emt 00:00:07]}
40. Rb1 {[%clk 00:06:34]} {[%emt 00:00:48]} Qc6 {[%clk 00:00:33]} {[%emt
00:01:15]} 41. Be5 {[%clk 00:02:48]} {[%emt 00:04:14]} Qa8 {[%clk 00:29:33]}
{[%emt 00:01:33]} 42. Rb8 {[%clk 00:32:53]} {[%emt 00:00:25]} 1-0

[Event "DEM U12 2023"]
[Site "Willingen GER"]
[Date "2023.05.31"]
[Round "6"]
[White "Vartanian, Roman"]
[Black "Allen, Phillipp"]
[Result "1-0"]
[Termination "normal"]
[Board "8"]
[WhiteElo "1619"]
[BlackElo "1539"]
[WhiteClock "00:32:35"]
[BlackClock "00:02:42"]
[PlyCount "135"]
[WhiteFideId "34140107"]
[BlackFideId "16272846"]
[EventCountry "GER"]
[EventRounds "9"]
[EventType "swiss"]
[EventDate "2023.05.27"]

1. d4 {[%clk 01:30:55]} {[%emt 00:00:05]} d5 {[%clk 01:30:52]} {[%emt
00:00:08]} 2. Nf3 {[%clk 01:31:18]} {[%emt 00:00:06]} c6 {[%clk 01:30:39]}
{[%emt 00:00:44]} 3. c4 {[%clk 01:31:40]} {[%emt 00:00:08]} e6 {[%clk
01:31:01]} {[%emt 00:00:08]} 4. Nc3 {[%clk 01:32:05]} {[%emt 00:00:06]} Nf6
{[%clk 01:27:49]} {[%emt 00:03:41]} 5. Bg5 {[%clk 01:32:22]} {[%emt 00:00:13]}
h6 {[%clk 01:27:30]} {[%emt 00:00:49]} 6. Bh4 {[%clk 01:32:33]} {[%emt
00:00:19]} Be7 {[%clk 01:25:51]} {[%emt 00:02:09]} 7. e3 {[%clk 01:32:47]}
{[%emt 00:00:15]} Nbd7 {[%clk 01:25:17]} {[%emt 00:01:04]} 8. Be2 {[%clk
01:31:29]} {[%emt 00:01:48]} O-O {[%clk 01:25:04]} {[%emt 00:00:42]} 9. O-O
{[%clk 01:31:52]} {[%emt 00:00:08]} dxc4 {[%clk 01:25:08]} {[%emt 00:00:26]}
10. Bxc4 {[%clk 01:32:15]} {[%emt 00:00:07]} Nb6 {[%clk 01:25:31]} {[%emt
00:00:08]} 11. Bd3 {[%clk 01:31:53]} {[%emt 00:00:51]} Nbd5 {[%clk 01:23:55]}
{[%emt 00:02:07]} 12. Bg3 {[%clk 01:29:46]} {[%emt 00:02:36]} Nxc3 {[%clk
01:23:41]} {[%emt 00:00:44]} 13. bxc3 {[%clk 01:30:11]} {[%emt 00:00:05]} b6
{[%clk 01:21:13]} {[%emt 00:02:58]} 14. e4 {[%clk 01:29:02]} {[%emt 00:01:39]}
Bb7 {[%clk 01:20:56]} {[%emt 00:00:47]} 15. c4 {[%clk 01:26:08]} {[%emt
00:03:26]} c5 {[%clk 01:19:57]} {[%emt 00:01:28]} 16. d5 {[%clk 01:26:23]}
{[%emt 00:00:15]} exd5 {[%clk 01:19:10]} {[%emt 00:01:16]} 17. exd5 {[%clk
01:21:51]} {[%emt 00:05:02]} Nh5 {[%clk 01:17:04]} {[%emt 00:02:36]} 18. Be5
{[%clk 01:12:01]} {[%emt 00:10:21]} Bd6 {[%clk 01:14:23]} {[%emt 00:03:11]} 19.
Qd2 {[%clk 01:08:35]} {[%emt 00:03:56]} Qc7 {[%clk 01:11:53]} {[%emt 00:03:00]}
20. Rfe1 {[%clk 01:08:17]} {[%emt 00:00:47]} Rfe8 {[%clk 01:10:53]} {[%emt
00:01:30]} 21. Bxd6 {[%clk 01:08:07]} {[%emt 00:00:41]} Qxd6 {[%clk 01:11:13]}
{[%emt 00:00:09]} 22. Nh4 {[%clk 01:04:44]} {[%emt 00:03:52]} Qf4 {[%clk
01:10:47]} {[%emt 00:00:58]} 23. Qxf4 {[%clk 01:04:06]} {[%emt 00:01:08]} Nxf4
{[%clk 01:11:07]} {[%emt 00:00:09]} 24. Be4 {[%clk 01:04:08]} {[%emt 00:00:29]}
g6 {[%clk 01:10:52]} {[%emt 00:00:45]} 25. g3 {[%clk 01:01:16]} {[%emt
00:03:22]} Nh3+ {[%clk 01:03:27]} {[%emt 00:07:54]} 26. Kg2 {[%clk 01:01:16]}
{[%emt 00:00:31]} Ng5 {[%clk 01:03:42]} {[%emt 00:00:13]} 27. Bd3 {[%clk
01:01:38]} {[%emt 00:00:09]} b5 {[%clk 01:02:38]} {[%emt 00:01:34]} 28. Nf3
{[%clk 00:54:13]} {[%emt 00:07:55]} Nxf3 {[%clk 01:00:08]} {[%emt 00:03:00]}
29. Kxf3 {[%clk 00:54:30]} {[%emt 00:00:12]} Kf8 {[%clk 00:58:52]} {[%emt
00:01:47]} 30. Kf4 {[%clk 00:54:14]} {[%emt 00:00:47]} bxc4 {[%clk 00:48:59]}
{[%emt 00:10:23]} 31. Bxc4 {[%clk 00:54:38]} {[%emt 00:00:05]} g5+ {[%clk
00:48:40]} {[%emt 00:00:49]} 32. Kg4 {[%clk 00:52:55]} {[%emt 00:02:12]} Rxe1
{[%clk 00:46:26]} {[%emt 00:02:45]} 33. Rxe1 {[%clk 00:53:21]} {[%emt
00:00:04]} Rd8 {[%clk 00:43:53]} {[%emt 00:03:03]} 34. Re5 {[%clk 00:51:28]}
{[%emt 00:02:24]} Kg7 {[%clk 00:42:16]} {[%emt 00:02:06]} 35. h4 {[%clk
00:51:00]} {[%emt 00:00:58]} Bc8+ {[%clk 00:38:48]} {[%emt 00:03:59]} 36. Kf3
{[%clk 00:49:47]} {[%emt 00:01:42]} gxh4 {[%clk 00:38:47]} {[%emt 00:00:31]}
37. gxh4 {[%clk 00:50:10]} {[%emt 00:00:07]} Kf6 {[%clk 00:38:40]} {[%emt
00:00:37]} 38. Kf4 {[%clk 00:48:39]} {[%emt 00:02:01]} Rg8 {[%clk 00:37:00]}
{[%emt 00:02:09]} 39. f3 {[%clk 00:48:32]} {[%emt 00:00:38]} Rg1 {[%clk
00:32:34]} {[%emt 00:04:57]} 40. d6 {[%clk 00:39:35]} {[%emt 00:09:26]} Rh1
{[%clk 00:28:37]} {[%emt 00:04:27]} 41. Rxc5 {[%clk 00:38:57]} {[%emt
00:01:08]} Be6 {[%clk 00:21:33]} {[%emt 00:07:35]} 42. Bxe6 {[%clk 00:34:38]}
{[%emt 00:04:49]} Kxe6 {[%clk 00:21:22]} {[%emt 00:00:40]} 43. Rh5 {[%clk
00:34:38]} {[%emt 00:00:30]} Kxd6 {[%clk 00:15:18]} {[%emt 00:06:35]} 44. Rxh6+
{[%clk 00:35:01]} {[%emt 00:00:07]} Ke7 {[%clk 00:15:45]} {[%emt 00:00:03]} 45.
Kf5 {[%clk 00:34:03]} {[%emt 00:01:27]} Rh2 {[%clk 00:14:22]} {[%emt 00:01:53]}
46. a4 {[%clk 00:34:06]} {[%emt 00:00:28]} a5 {[%clk 00:12:43]} {[%emt
00:02:09]} 47. h5 {[%clk 00:34:14]} {[%emt 00:00:21]} Ra2 {[%clk 00:10:10]}
{[%emt 00:03:03]} 48. Ra6 {[%clk 00:33:17]} {[%emt 00:01:27]} Rxa4 {[%clk
00:09:22]} {[%emt 00:01:19]} 49. Ra7+ {[%clk 00:33:26]} {[%emt 00:00:21]} Kf8
{[%clk 00:09:02]} {[%emt 00:00:49]} 50. h6 {[%clk 00:32:54]} {[%emt 00:01:03]}
Kg8 {[%clk 00:08:50]} {[%emt 00:00:40]} 51. f4 {[%clk 00:32:02]} {[%emt
00:01:23]} Kh7 {[%clk 00:06:23]} {[%emt 00:02:57]} 52. Kg5 {[%clk 00:32:21]}
{[%emt 00:00:12]} Kg8 {[%clk 00:05:27]} {[%emt 00:01:26]} 53. f5 {[%clk
00:32:40]} {[%emt 00:00:11]} Ra1 {[%clk 00:05:12]} {[%emt 00:00:45]} 54. Ra8+
{[%clk 00:32:39]} {[%emt 00:00:31]} Kh7 {[%clk 00:05:28]} {[%emt 00:00:14]} 55.
Kf6 {[%clk 00:33:00]} {[%emt 00:00:08]} Rf1 {[%clk 00:05:38]} {[%emt 00:00:19]}
56. Rxa5 {[%clk 00:32:45]} {[%emt 00:00:47]} Kxh6 {[%clk 00:05:54]} {[%emt
00:00:14]} 57. Kxf7 {[%clk 00:33:06]} {[%emt 00:00:08]} Kg5 {[%clk 00:05:10]}
{[%emt 00:01:13]} 58. f6+ {[%clk 00:33:32]} {[%emt 00:00:05]} Kh6 {[%clk
00:05:30]} {[%emt 00:00:10]} 59. Re5 {[%clk 00:33:16]} {[%emt 00:00:46]} Rf4
{[%clk 00:05:36]} {[%emt 00:00:23]} 60. Re6 {[%clk 00:33:21]} {[%emt 00:00:25]}
Kh7 {[%clk 00:04:48]} {[%emt 00:01:20]} 61. Kf8 {[%clk 00:32:41]} {[%emt
00:01:10]} Kh8 {[%clk 00:03:47]} {[%emt 00:01:31]} 62. f7 {[%clk 00:33:02]}
{[%emt 00:00:09]} Kh7 {[%clk 00:04:10]} {[%emt 00:00:06]} 63. Ke8 {[%clk
00:32:23]} {[%emt 00:01:07]} Kg7 {[%clk 00:02:48]} {[%emt 00:01:54]} 64. Re7
{[%clk 00:32:41]} {[%emt 00:00:12]} Kh8 {[%clk 00:03:10]} {[%emt 00:00:09]} 65.
Re1 {[%clk 00:32:42]} {[%emt 00:00:28]} Kg7 {[%clk 00:02:17]} {[%emt 00:01:24]}
66. Rg1+ {[%clk 00:33:02]} {[%emt 00:00:09]} Kh7 {[%clk 00:02:28]} {[%emt
00:00:19]} 67. f8=Q {[%clk 00:32:12]} {[%emt 00:01:20]} Re4+ {[%clk 00:02:42]}
{[%emt 00:00:17]} 68. Qe7+ {[%clk 00:32:35]} {[%emt 00:00:07]} 1-0

[Event "DEM U12 2023"]
[Site "Willingen GER"]
[Date "2023.05.31"]
[Round "6"]
[White "Albrecht, Neil"]
[Black "Junge, Mattheo Gabriel"]
[Result "1-0"]
[Termination "normal"]
[Board "9"]
[WhiteElo "1690"]
[BlackElo "1302"]
[WhiteClock "00:24:39"]
[BlackClock "00:25:42"]
[PlyCount "157"]
[WhiteFideId "34621091"]
[BlackFideId "34605908"]
[EventCountry "GER"]
[EventRounds "9"]
[EventType "swiss"]
[EventDate "2023.05.27"]

1. e4 {[%clk 01:30:49]} {[%emt 00:00:10]} c6 {[%clk 01:30:45]} {[%emt
00:00:16]} 2. d4 {[%clk 01:30:57]} {[%emt 00:00:21]} d5 {[%clk 01:31:04]}
{[%emt 00:00:11]} 3. Nc3 {[%clk 01:31:10]} {[%emt 00:00:17]} dxe4 {[%clk
01:28:05]} {[%emt 00:03:30]} 4. Nxe4 {[%clk 01:31:01]} {[%emt 00:00:39]} Nf6
{[%clk 01:28:02]} {[%emt 00:00:33]} 5. Nxf6+ {[%clk 01:29:55]} {[%emt
00:01:36]} exf6 {[%clk 01:27:56]} {[%emt 00:00:36]} 6. c3 {[%clk 01:29:37]}
{[%emt 00:00:48]} Bf5 {[%clk 01:26:25]} {[%emt 00:01:59]} 7. Bd3 {[%clk
01:26:07]} {[%emt 00:04:01]} Bxd3 {[%clk 01:25:12]} {[%emt 00:01:44]} 8. Qxd3
{[%clk 01:25:36]} {[%emt 00:01:01]} Bd6 {[%clk 01:24:27]} {[%emt 00:01:14]} 9.
Nf3 {[%clk 01:21:15]} {[%emt 00:04:51]} O-O {[%clk 01:21:45]} {[%emt 00:03:12]}
10. O-O {[%clk 01:19:44]} {[%emt 00:02:02]} Re8 {[%clk 01:19:39]} {[%emt
00:02:35]} 11. Be3 {[%clk 01:19:32]} {[%emt 00:00:40]} Nd7 {[%clk 01:17:16]}
{[%emt 00:02:56]} 12. Rad1 {[%clk 01:16:43]} {[%emt 00:03:18]} Nf8 {[%clk
01:14:02]} {[%emt 00:03:44]} 13. d5 {[%clk 01:09:55]} {[%emt 00:07:18]} cxd5
{[%clk 01:08:05]} {[%emt 00:06:27]} 14. Qxd5 {[%clk 01:09:41]} {[%emt
00:00:45]} Be5 {[%clk 01:05:30]} {[%emt 00:03:04]} 15. Qxb7 {[%clk 01:05:31]}
{[%emt 00:04:41]} Qa5 {[%clk 01:04:53]} {[%emt 00:01:07]} 16. Qd5 {[%clk
01:05:38]} {[%emt 00:00:22]} Qc7 {[%clk 01:01:15]} {[%emt 00:04:07]} 17. Qb3
{[%clk 00:58:07]} {[%emt 00:08:03]} Ng6 {[%clk 00:56:21]} {[%emt 00:05:23]} 18.
Rd2 {[%clk 00:54:44]} {[%emt 00:03:53]} Rad8 {[%clk 00:51:41]} {[%emt
00:05:10]} 19. Rxd8 {[%clk 00:51:05]} {[%emt 00:04:10]} Rxd8 {[%clk 00:51:32]}
{[%emt 00:00:37]} 20. Rd1 {[%clk 00:50:51]} {[%emt 00:00:37]} Re8 {[%clk
00:49:46]} {[%emt 00:02:21]} 21. Qd5 {[%clk 00:46:03]} {[%emt 00:05:20]} Bf4
{[%clk 00:45:43]} {[%emt 00:04:33]} 22. Bc5 {[%clk 00:33:17]} {[%emt 00:13:14]}
Ne5 {[%clk 00:39:57]} {[%emt 00:06:17]} 23. Nxe5 {[%clk 00:32:47]} {[%emt
00:01:01]} Bxe5 {[%clk 00:40:14]} {[%emt 00:00:13]} 24. g3 {[%clk 00:31:28]}
{[%emt 00:01:50]} Qb8 {[%clk 00:32:49]} {[%emt 00:07:53]} 25. Qd7 {[%clk
00:22:28]} {[%emt 00:09:29]} g5 {[%clk 00:21:54]} {[%emt 00:11:27]} 26. Bxa7
{[%clk 00:16:46]} {[%emt 00:06:13]} Qa8 {[%clk 00:22:10]} {[%emt 00:00:13]} 27.
a3 {[%clk 00:16:34]} {[%emt 00:00:43]} Kg7 {[%clk 00:19:50]} {[%emt 00:02:48]}
28. Be3 {[%clk 00:15:59]} {[%emt 00:01:06]} Rb8 {[%clk 00:18:46]} {[%emt
00:01:35]} 29. Rd2 {[%clk 00:14:50]} {[%emt 00:01:38]} Qe4 {[%clk 00:17:58]}
{[%emt 00:01:17]} 30. Qd3 {[%clk 00:10:41]} {[%emt 00:04:41]} Qxd3 {[%clk
00:17:55]} {[%emt 00:00:33]} 31. Rxd3 {[%clk 00:11:07]} {[%emt 00:00:04]} Rxb2
{[%clk 00:18:20]} {[%emt 00:00:05]} 32. c4 {[%clk 00:11:18]} {[%emt 00:00:19]}
Rc2 {[%clk 00:18:29]} {[%emt 00:00:20]} 33. c5 {[%clk 00:11:45]} {[%emt
00:00:04]} Kf8 {[%clk 00:14:15]} {[%emt 00:04:44]} 34. g4 {[%clk 00:10:13]}
{[%emt 00:02:02]} Rc4 {[%clk 00:12:20]} {[%emt 00:02:24]} 35. h3 {[%clk
00:10:13]} {[%emt 00:00:31]} Ke7 {[%clk 00:12:01]} {[%emt 00:00:48]} 36. Kg2
{[%clk 00:10:24]} {[%emt 00:00:20]} Ke6 {[%clk 00:10:53]} {[%emt 00:01:37]} 37.
Kf3 {[%clk 00:09:54]} {[%emt 00:01:00]} Ra4 {[%clk 00:05:05]} {[%emt 00:06:18]}
38. Rb3 {[%clk 00:09:48]} {[%emt 00:00:36]} Kd5 {[%clk 00:05:04]} {[%emt
00:00:31]} 39. Rb7 {[%clk 00:09:57]} {[%emt 00:00:22]} Bf4 {[%clk 00:04:27]}
{[%emt 00:01:06]} 40. Rxf7 {[%clk 00:10:02]} {[%emt 00:00:25]} Ke6 {[%clk
00:03:48]} {[%emt 00:01:10]} 41. Rxh7 {[%clk 00:09:41]} {[%emt 00:00:51]} Rxa3
{[%clk 00:03:58]} {[%emt 00:00:21]} 42. h4 {[%clk 00:07:40]} {[%emt 00:02:30]}
Bxe3 {[%clk 00:03:36]} {[%emt 00:00:52]} 43. fxe3 {[%clk 00:08:09]} {[%emt
00:00:01]} gxh4 {[%clk 00:03:53]} {[%emt 00:00:12]} 44. Rxh4 {[%clk 00:08:27]}
{[%emt 00:00:13]} Rc3 {[%clk 00:04:16]} {[%emt 00:00:07]} 45. Rh5 {[%clk
00:08:39]} {[%emt 00:00:18]} Rc1 {[%clk 00:04:32]} {[%emt 00:00:14]} 46. Kf4
{[%clk 00:06:50]} {[%emt 00:02:18]} Rc2 {[%clk 00:02:29]} {[%emt 00:02:33]} 47.
Rf5 {[%clk 00:04:57]} {[%emt 00:02:23]} Rf2+ {[%clk 00:02:13]} {[%emt
00:00:45]} 48. Ke4 {[%clk 00:05:14]} {[%emt 00:00:15]} Rg2 {[%clk 00:02:20]}
{[%emt 00:00:23]} 49. Rf4 {[%clk 00:05:25]} {[%emt 00:00:19]} Rc2 {[%clk
00:02:42]} {[%emt 00:00:08]} 50. Kd4 {[%clk 00:05:28]} {[%emt 00:00:27]} Rc1
{[%clk 00:02:45]} {[%emt 00:00:27]} 51. Re4+ {[%clk 00:04:58]} {[%emt
00:00:59]} Kd7 {[%clk 00:02:05]} {[%emt 00:01:10]} 52. Kd5 {[%clk 00:04:57]}
{[%emt 00:00:32]} Rd1+ {[%clk 00:00:55]} {[%emt 00:01:40]} 53. Rd4 {[%clk
00:27:53]} {[%emt 00:07:34]} Rc1 {[%clk 00:29:54]} {[%emt 00:01:31]} 54. Ke4+
{[%clk 00:26:30]} {[%emt 00:01:53]} Ke7 {[%clk 00:29:13]} {[%emt 00:01:11]} 55.
Rd5 {[%clk 00:25:58]} {[%emt 00:01:03]} Rc4+ {[%clk 00:28:44]} {[%emt
00:00:58]} 56. Kf5 {[%clk 00:25:09]} {[%emt 00:01:15]} Rc1 {[%clk 00:27:57]}
{[%emt 00:01:20]} 57. Kg6 {[%clk 00:25:04]} {[%emt 00:00:36]} Rc4 {[%clk
00:27:11]} {[%emt 00:01:15]} 58. Rd4 {[%clk 00:24:29]} {[%emt 00:01:06]} Rxc5
{[%clk 00:25:48]} {[%emt 00:01:54]} 59. Re4+ {[%clk 00:24:51]} {[%emt
00:00:08]} Kf8 {[%clk 00:25:15]} {[%emt 00:01:01]} 60. Kxf6 {[%clk 00:25:15]}
{[%emt 00:00:06]} Rc6+ {[%clk 00:25:16]} {[%emt 00:00:29]} 61. Re6 {[%clk
00:25:17]} {[%emt 00:00:28]} Rc1 {[%clk 00:25:06]} {[%emt 00:00:39]} 62. Kg6
{[%clk 00:24:54]} {[%emt 00:00:55]} Re1 {[%clk 00:24:35]} {[%emt 00:00:58]} 63.
g5 {[%clk 00:24:43]} {[%emt 00:00:43]} Rg1 {[%clk 00:24:09]} {[%emt 00:00:56]}
64. Rf6+ {[%clk 00:24:06]} {[%emt 00:01:07]} Kg8 {[%clk 00:24:17]} {[%emt
00:00:22]} 65. Rb6 {[%clk 00:24:20]} {[%emt 00:00:17]} Kf8 {[%clk 00:24:39]}
{[%emt 00:00:08]} 66. Rb8+ {[%clk 00:24:08]} {[%emt 00:00:41]} Ke7 {[%clk
00:25:01]} {[%emt 00:00:08]} 67. Rg8 {[%clk 00:23:42]} {[%emt 00:00:56]} Rg2
{[%clk 00:25:09]} {[%emt 00:00:22]} 68. Rb8 {[%clk 00:22:45]} {[%emt 00:01:28]}
Rg1 {[%clk 00:25:25]} {[%emt 00:00:14]} 69. Rb4 {[%clk 00:22:49]} {[%emt
00:00:26]} Rg2 {[%clk 00:25:32]} {[%emt 00:00:22]} 70. Rf4 {[%clk 00:23:12]}
{[%emt 00:00:08]} Rg1 {[%clk 00:25:49]} {[%emt 00:00:13]} 71. Kh6 {[%clk
00:23:32]} {[%emt 00:00:09]} Rh1+ {[%clk 00:26:11]} {[%emt 00:00:08]} 72. Kg7
{[%clk 00:23:58]} {[%emt 00:00:04]} Ra1 {[%clk 00:25:52]} {[%emt 00:00:49]} 73.
g6 {[%clk 00:24:16]} {[%emt 00:00:12]} Ra7 {[%clk 00:26:11]} {[%emt 00:00:10]}
74. Kh7 {[%clk 00:24:29]} {[%emt 00:00:18]} Ra1 {[%clk 00:26:10]} {[%emt
00:00:32]} 75. g7 {[%clk 00:24:15]} {[%emt 00:00:43]} Rh1 {[%clk 00:26:24]}
{[%emt 00:00:17]} 76. Kg8 {[%clk 00:24:41]} {[%emt 00:00:04]} Ra1 {[%clk
00:26:40]} {[%emt 00:00:14]} 77. Rh4 {[%clk 00:24:14]} {[%emt 00:00:57]} Ra8+
{[%clk 00:25:25]} {[%emt 00:01:45]} 78. Kh7 {[%clk 00:24:33]} {[%emt 00:00:11]}
Ra7 {[%clk 00:25:42]} {[%emt 00:00:13]} 79. g8=Q {[%clk 00:24:39]} {[%emt
00:00:24]} 1-0

[Event "DEM U12 2023"]
[Site "Willingen GER"]
[Date "2023.05.31"]
[Round "6"]
[White "Berndt, Ronson"]
[Black "Sepe, Giovanni Paolo"]
[Result "0-1"]
[Termination "normal"]
[Board "11"]
[WhiteElo "1475"]
[BlackElo "1550"]
[WhiteClock "00:39:11"]
[BlackClock "01:14:13"]
[PlyCount "48"]
[WhiteFideId "34618694"]
[BlackFideId "34631909"]
[EventCountry "GER"]
[EventRounds "9"]
[EventType "swiss"]
[EventDate "2023.05.27"]

1. e4 {[%clk 01:30:51]} {[%emt 00:00:08]} e6 {[%clk 01:30:57]} {[%emt
00:00:04]} 2. d4 {[%clk 01:31:10]} {[%emt 00:00:11]} d5 {[%clk 01:31:24]}
{[%emt 00:00:03]} 3. exd5 {[%clk 01:31:32]} {[%emt 00:00:08]} exd5 {[%clk
01:31:50]} {[%emt 00:00:04]} 4. Bd3 {[%clk 01:31:38]} {[%emt 00:00:23]} Bd6
{[%clk 01:32:16]} {[%emt 00:00:05]} 5. c3 {[%clk 01:31:51]} {[%emt 00:00:17]}
Ne7 {[%clk 01:32:36]} {[%emt 00:00:10]} 6. Be3 {[%clk 01:30:28]} {[%emt
00:01:53]} Nbc6 {[%clk 01:29:58]} {[%emt 00:03:08]} 7. Qc2 {[%clk 01:30:00]}
{[%emt 00:00:58]} Be6 {[%clk 01:29:58]} {[%emt 00:00:30]} 8. Nd2 {[%clk
01:29:59]} {[%emt 00:00:31]} Qd7 {[%clk 01:30:23]} {[%emt 00:00:05]} 9. Ngf3
{[%clk 01:28:33]} {[%emt 00:01:55]} O-O-O {[%clk 01:29:38]} {[%emt 00:01:15]}
10. a4 {[%clk 01:24:14]} {[%emt 00:04:50]} f5 {[%clk 01:29:20]} {[%emt
00:00:48]} 11. Nb3 {[%clk 01:22:02]} {[%emt 00:02:41]} f4 {[%clk 01:29:07]}
{[%emt 00:00:43]} 12. Bd2 {[%clk 01:22:14]} {[%emt 00:00:19]} Bf5 {[%clk
01:28:00]} {[%emt 00:01:38]} 13. Bxf5 {[%clk 01:20:00]} {[%emt 00:02:42]} Nxf5
{[%clk 01:28:23]} {[%emt 00:00:08]} 14. O-O-O {[%clk 01:19:44]} {[%emt
00:00:45]} Rhe8 {[%clk 01:25:31]} {[%emt 00:03:23]} 15. Rhe1 {[%clk 01:18:56]}
{[%emt 00:01:17]} h6 {[%clk 01:24:42]} {[%emt 00:01:20]} 16. Nc5 {[%clk
01:15:08]} {[%emt 00:04:18]} Bxc5 {[%clk 01:25:05]} {[%emt 00:00:06]} 17. dxc5
{[%clk 01:15:27]} {[%emt 00:00:12]} g5 {[%clk 01:25:04]} {[%emt 00:00:31]} 18.
h3 {[%clk 01:15:12]} {[%emt 00:00:44]} Qf7 {[%clk 01:22:35]} {[%emt 00:03:00]}
19. b4 {[%clk 01:10:16]} {[%emt 00:05:26]} d4 {[%clk 01:18:39]} {[%emt
00:04:26]} 20. b5 {[%clk 01:05:50]} {[%emt 00:04:56]} d3 {[%clk 01:18:44]}
{[%emt 00:00:25]} 21. Qb2 {[%clk 01:02:04]} {[%emt 00:04:15]} Na5 {[%emt
00:01:39]} 22. Qb4 {[%clk 00:44:47]} {[%emt 00:17:46]} Qa2 {[%clk 01:13:31]}
{[%emt 00:04:36]} 23. Qb1 {[%clk 00:39:17]} {[%emt 00:05:59]} Nb3+ {[%clk
01:13:47]} {[%emt 00:00:15]} 24. Qxb3 {[%clk 00:39:11]} {[%emt 00:00:36]} Qxb3
{[%clk 01:14:13]} {[%emt 00:00:04]} 0-1